000 02657nam0a2200385 4500
001 RU\NLR\BIBL_A\012902153
005 20260406145547.0
010 _a978-5-6047428-3-9
021 _aRU
_b2022-52414
_9КН-П-4553
035 _a(RuMoRGB)011169722
035 _a(NLR Aleph) 012902153
090 _a12584544
_c12584544
100 _a20221004d2022 |||y0rusy50 ca
101 0 _aeng
102 _aRU
105 _ay z 000zy
181 0 _ai
_baxxe
182 0 _an
200 1 _aTender is the night
_eкнига для чтения на английском языке
_eуровень B2
_fF. Scott Fitzgerald
_gадаптация, сокращение и словарь: Л. Ф. Шитова
203 _aТекст
_bвизуальный
_cнепосредственный
210 _aСанкт-Петербург
_cАнтология
_d2022
215 _a254, [1] с.
_d18
225 1 _aMovieBook
330 _aСемейная драма разворачивается в годы Первой мировой войны и после неё на Лазурном берегу, где наслаждаются жизнью богатые и очень богатые, в основном американцы. Со стороны кажется, что жизнь героев безмятежна и благополучна. Среди аристократической элиты выделяется супружеская пара Николь и Дик Дайверы - красавцы, богачи, кумиры публики. Но за красивым фасадом скрывается трагедия. В воздухе царят пустота, скука, разочарование. Персонажи романа - мятущиеся души, порой не осознающие причин своей тревоги. Неудовлетворённость, охлаждение чувств, поиск острых ощущений, опять разочарование - что это? Пресыщенность или внутренний конфликт?
333 _a16+
606 1 _aАнглийский язык
_jКниги для чтения
_9972309
_3RU\NLR\AUTH\6646032
675 _a811.111(075.4)
_v4
686 1 _aШ143.21-93рус91
700 1 _8eng
_7ba
_aFitzgerald
_bF. S.
_f1896-1940
_gFrancis Scott
_3RU\NLR\AUTH\774723
_9114700
702 1 _4010
_8rus
_7ba
_aŠitova
_bL. F.
_gLarisa Feliksovna
_3RU\NLR\AUTH\7780074
_963002
942 _cBOOK
980 _aNB